000 00442nam a2200133Ia 4500
001 3290
008 241024s9999 xx 000 0 und d
082 _aRD/374/IN59m/2011
100 _aRepública Dominicana. Instituto Superior de Formación Docente Salomé Ureña, ISFODOSU
245 0 _aManual de deberes y responsabilidades para el área administrativo
260 _bSanto Domingo
_c2011
901 _a11/9/2013 10:26:04 a.m.
999 _c8460
_d8460